| 000 | 004740000a22001810004500 | ||
|---|---|---|---|
| 003 | MACL | ||
| 005 | 20151230162109.0 | ||
| 008 | 151230b xxu||||| |||| 00| 0 eng d | ||
| 040 |
_aMACL _cMACL |
||
| 041 | _aEnglish | ||
| 082 | _a320.54/IMA | ||
| 100 |
_aImam, Zafar _925226 |
||
| 245 | _aWorld Powers in South And south East Asia | ||
| 260 |
_bSterling Publishing _c1943 _aNew Delhi |
||
| 350 | _a25 | ||
| 650 |
_aPolitical Science _925227 |
||
| 942 |
_cBK _k320.54/Ima _2ddc |
||
| 999 |
_c35762 _d35762 |
||